LEADER 02389nam 2200577 450 001 9910788846803321 005 20180613001302.0 010 $a1-4704-0342-0 035 $a(CKB)3360000000464933 035 $a(EBL)3114408 035 $a(SSID)ssj0000973161 035 $a(PQKBManifestationID)11581288 035 $a(PQKBTitleCode)TC0000973161 035 $a(PQKBWorkID)10959991 035 $a(PQKB)11763987 035 $a(MiAaPQ)EBC3114408 035 $a(RPAM)12648074 035 $a(PPN)19541635X 035 $a(EXLCZ)993360000000464933 100 $a20020117h20022002 uy| 0 101 0 $aeng 135 $aur|n|---||||| 181 $ctxt 182 $cc 183 $acr 200 14$aThe based ring of two-sided cells of Affine Weyl groups of type A?[subscript n-1] /$fNanhua Xi 210 1$aProvidence, Rhode Island :$cAmerican Mathematical Society,$d[2002] 210 4$d©2002 215 $a1 online resource (114 p.) 225 1 $aMemoirs of the American Mathematical Society,$x0065-9266 ;$vnumber 749 300 $aVolume 157, number 749 (end of volume)."." 311 $a0-8218-2891-6 320 $aIncludes bibliographical references (page 91) and index. 327 $a""Contents""; ""Introduction""; ""Chapter 1. Cells in Affine Weyl Groups""; ""1.1. Hecke algebra""; ""1.2. Cell and a-function""; ""1.3. Affine Weyl group""; ""1.4. Star operation""; ""1.5. Based ring""; ""1.6. Star operation, II""; ""Chapter 2. Type A[sub(n-1)]""; ""2.1. The affine Weyl group associated with GL[sub(n)](C)""; ""2.2. Cells""; ""2.3. The based ring J[sub(c)]""; ""2.4. Chains and antichains""; ""2.5. Star operations for W""; ""Chapter 3. Canonical Left Cells""; ""3.1. The dominant weights""; ""3.2. The right cell containing x a??? X[sup(+)]""; ""3.3. The elements m[sub(x)]"" 410 0$aMemoirs of the American Mathematical Society ;$vno. 749. 606 $aWeyl groups 606 $aRepresentations of groups 606 $aK-theory 615 0$aWeyl groups. 615 0$aRepresentations of groups. 615 0$aK-theory. 676 $a510 s 676 $a512/.55 700 $aXi$b Nanhua$f1963-$060550 801 0$bMiAaPQ 801 1$bMiAaPQ 801 2$bMiAaPQ 906 $aBOOK 912 $a9910788846803321 996 $aThe based ring of two-sided cells of Affine Weyl groups of type A?$93837796 997 $aUNINA LEADER 01290nam 2200433 450 001 9910831084403321 005 20200513190256.0 010 $a3-433-60533-5 010 $a3-433-60532-7 035 $a(CKB)4330000000010272 035 $a(MiAaPQ)EBC5750078 035 $a(EXLCZ)994330000000010272 100 $a20190502d2019 uy 0 101 0 $ager 135 $aurcnu|||||||| 181 $ctxt$2rdacontent 182 $cc$2rdamedia 183 $acr$2rdacarrier 200 10$aAusführung von Stahlbauten $eKommentare zu DIN EN 1090-2 und DIN EN 1090-4 /$fHerbert Schmidt, [and five others] 205 $a2. uberarbeitete und erweiterte Auflage. 210 1$aBerlin :$cErnst & Sohn,$d2019. 215 $a1 online resource (1,049 pages) 311 $a3-433-03185-1 311 $a3-433-03108-8 606 $aBuilding, Iron and steel 606 $aSteel, Structural 606 $aStrength of materials 615 0$aBuilding, Iron and steel. 615 0$aSteel, Structural. 615 0$aStrength of materials. 676 $a624.1821 700 $aSchmidt$b Herbert$0631463 801 0$bMiAaPQ 801 1$bMiAaPQ 801 2$bMiAaPQ 906 $aBOOK 912 $a9910831084403321 996 $aAusführung von Stahlbauten$94029758 997 $aUNINA